Southville International School and Colleges
Your cart is empty.
  • Cart
  • Lists
    Public lists Eva Luna New books Lux_list list_1
    Your lists Log in to create your own lists
  • Log in to your account
  • Your cookies
  • Search history
Southville International School and Colleges
  • Advanced search
  • Recent comments
  • Most popular
  • Libraries

Log in to your account

Log in with GOOGLE


If you do not have an external account, but do have a local account, you can still log in:

  1. Home
  2. MARC view: Millennium madness /
Normal view MARC view ISBD view

Millennium madness / (Record no. 11197)

[ view plain ]
MARC details
000 -LEADER
fixed length control field 00505nam a22001937a 4500
003 - CONTROL NUMBER IDENTIFIER
control field OSt
005 - DATE AND TIME OF LATEST TRANSACTION
control field 20140310182244.0
008 - FIXED-LENGTH DATA ELEMENTS--GENERAL INFORMATION
fixed length control field 121114t xxu||||| |||| 00| 0 eng d
020 ## - INTERNATIONAL STANDARD BOOK NUMBER
International Standard Book Number 0671029282
050 ## - LIBRARY OF CONGRESS CALL NUMBER
Classification number PZ 7
Item number .M646s24 1999
082 ## - DEWEY DECIMAL CLASSIFICATION NUMBER
Classification number FIC#
Item number SAB #24
245 ## - TITLE STATEMENT
Title Millennium madness /
260 ## - PUBLICATION, DISTRIBUTION, ETC. (IMPRINT)
Place of publication, distribution, etc London :
Name of publisher, distributor, etc Archie comic Pub Inc.,
Date of publication, distribution, etc 1999.
300 ## - PHYSICAL DESCRIPTION
Extent 359 p. ;
Dimensions 18 cm.
650 ## - SUBJECT ADDED ENTRY--TOPICAL TERM
Topical term or geographic name as entry element Witchcraft
General subdivision Fiction
9 (RLIN) 19284
650 ## - SUBJECT ADDED ENTRY--TOPICAL TERM
Topical term or geographic name as entry element Witches
General subdivision Fiction
9 (RLIN) 19285
942 ## - ADDED ENTRY ELEMENTS (KOHA)
Source of classification or shelving scheme Library of Congress Classification
Koha item type
Holdings
Withdrawn status Lost status Source of classification or shelving scheme Damaged status Home library Current library Shelving location Date acquired Total Checkouts Full call number Barcode Date last seen Copy number Price effective from Koha item type
    Library of Congress Classification   Luxembourg Library Luxembourg Library Fiction Section 09/13/2013   PZ 7 .M646s24 1999 14142 01/12/2016 1 09/13/2013 Books

Millennium madness /

APA

(1999). Millennium madness. London: Archie comic Pub Inc.

Chicago

1999. Millennium madness. London: Archie comic Pub Inc.

Harvard

(1999). Millennium madness. London: Archie comic Pub Inc.

MLA

Millennium madness. London: Archie comic Pub Inc. 1999.

  • Place hold
  • Print
  • Cite
  • Add to your cart (remove)
  • Save record
    BIBTEX Dublin Core MARCXML MARC (non-Unicode/MARC-8) MARC (Unicode/UTF-8) MARC (Unicode/UTF-8, Standard) MODS (XML) RIS
  • More searches
    Search for this title in:
    Other Libraries (WorldCat) Other Databases (Google Scholar) Online Stores (Bookfinder.com) Open Library (openlibrary.org)

Exporting to Dublin Core...

SOUTHVILLE LIBRARY

Southville International School and Colleges Library

1281 Tropical Ave. Cor. Luxembourg St., BF Homes International, Las Pinas City

Tel. No. 8256374 / 252358 Loc. 117/146

Powered by Koha